000 00447nam a22001457a 4500
999 _c18026
_d18026
008 191114b xxu||||| |||| 00| 0 eng d
020 _a1591396190
050 _aHF5415.153
_b.K56
100 _aKim, W. Chan
245 _aBlue Ocean Strategy
_bHow to Create Uncontested Market Space and Make the Competition Irrelevant
_cW. Chan Kim
260 _aBoston
_bHBS Press
_c2005
300 _axi, 240p.
700 _aRenee Mauborgne
942 _2lcc
_cBK